[Event "Landsturneringen 2014"]
[Site "Clarion Hotel & Congress Trondheim"]
[Date "2014.07.16"]
[Round "6"]
[White "Salomon, Johan"]
[Black "Hobber, Anders"]
[Result "0-1"]
[WhiteElo "2346"]
[BlackElo "2315"]
[PlyCount "102"]
[EventDate "2014.??.??"]

1. d4 d5 2. c4 dxc4 3. Nf3 Nf6 4. e3 b5 5. a4 b4 6. Bxc4 e6 7. O-O Be7 8. Nbd2
O-O 9. e4 Bb7 10. e5 Nd5 11. Ne4 Nd7 12. Bd3 Rc8 13. Bg5 Bxg5 14. Nfxg5 h6 15.
Nh3 c5 16. Nd6 Rb8 17. Qe2 Ba8 18. f4 g6 19. f5 Qh4 20. fxg6 Qxd4+ 21. Kh1 fxg6
22. Bxg6 Ne3 23. Bf7+ Rxf7 24. Rxf7 Bxg2+ 25. Qxg2+ Nxg2 26. Rxd7 Ne3 27. Rg1+
Ng4 28. Nf2 h5 29. Nxg4 Qd5+ 30. Rg2 Qd1+ 31. Rg1 Qd5+ 32. Rg2 hxg4 33. Ne8
Rxe8 34. Rxd5 exd5 35. Rxg4+ Kf7 36. Rg5 Ke6 37. Kg2 Rf8 38. h4 c4 39. h5 c3
40. bxc3 bxc3 41. Rg6+ Kxe5 42. h6 Rf6 43. Rg5+ Kd4 44. Rg4+ Kd3 45. h7 Rh6 46.
Rg3+ Kd2 47. Rh3 Rxh7 48. Rxh7 c2 49. Rd7 c1=Q 50. Rxd5+ Ke3 51. Rc5 Qxc5 
0-1

[Event "Landsturneringen 2014"]
[Site "Clarion Hotel & Congress Trondheim"]
[Date "2014.07.16"]
[Round "6"]
[White "Fossan, Petter"]
[Black "Mikalsen, Erlend"]
[Result "1/2-1/2"]
[WhiteElo "2257"]
[BlackElo "2128"]
[PlyCount "120"]
[EventDate "2014.??.??"]

1. e4 e5 2. Nf3 Nc6 3. Bc4 Nf6 4. d3 Bc5 5. c3 O-O 6. O-O d5 7. exd5 Nxd5 8.
Re1 Bg4 9. h3 Bh5 10. Nbd2 Nb6 11. Bb5 Bd6 12. Ne4 Re8 13. Be3 a6 14. Bxc6 bxc6
15. g4 Bg6 16. Bxb6 cxb6 17. Nxd6 Qxd6 18. d4 exd4 19. Qxd4 Qxd4 20. Nxd4 c5
21. Nf3 Be4 22. Kg2 Bd5 23. a3 Rxe1 24. Rxe1 Rd8 25. Kg3 Kf8 26. Rd1 Ke7 27.
Nh4 g6 28. Ng2 Rd6 29. Ne3 Ba2 30. Rxd6 Kxd6 31. Kf4 f6 32. g5 f5 33. Nf1 Bg8
34. Nd2 Bd5 35. h4 b5 36. b4 cxb4 37. cxb4 Bc6 38. Ke3 Bh1 39. Kd4 Bd5 40. Ke3
Ke5 41. f4+ Ke6 42. Nb1 Be4 43. Nc3 Bc6 44. Kd4 Kd6 45. Ne2 Bd5 46. h5 Be6 47.
hxg6 hxg6 48. Nc3 Bb3 49. Ne2 Bd5 50. Ke3 Be6 51. Nc3 Bd7 52. Kd3 Be8 53. Kd4
Bc6 54. Nd1 Bd5 55. Nb2 Be4 56. a4 Bc2 57. axb5 axb5 58. Kc3 Bb1 59. Kd4 Bc2
60. Kc3 Bb1 
1/2-1/2

[Event "Landsturneringen 2014"]
[Site "Clarion Hotel & Congress Trondheim"]
[Date "2014.07.17"]
[Round "7"]
[White "Gausel, Einar J"]
[Black "Østenstad, Berge"]
[Result "1/2-1/2"]
[WhiteElo "2504"]
[BlackElo "2482"]
[PlyCount "91"]
[EventDate "2014.??.??"]

1. d4 Nf6 2. Nf3 g6 3. Bg5 Bg7 4. Nbd2 O-O 5. c3 d6 6. e4 h6 7. Bh4 c5 8. d5 e6
9. Bc4 exd5 10. Bxf6 Qxf6 11. Bxd5 Nc6 12. O-O Ne7 13. Bc4 Bd7 14. Re1 Rad8 15.
a4 Bc8 16. Qb3 g5 17. Nf1 g4 18. N3d2 Ng6 19. Ne3 Qg5 20. Ndf1 h5 21. Ng3 h4
22. Ngf5 Ne5 23. Kh1 Rfe8 24. Bd5 Qf4 25. Qc2 Bf6 26. Qe2 Bxf5 27. Nxf5 Nf3 28.
gxf3 Be5 29. Ng3 gxf3 30. Qd3 Qg4 31. Re3 hxg3 32. fxg3 Re7 33. Rxf3 Kg7 34.
Qe2 f6 35. Qf2 Rh8 36. Rf1 Rh6 37. Rg1 Kh8 38. Rg2 Qd7 39. b3 Qg4 40. Qf1 Reh7
41. Kg1 Rg7 42. Rgf2 Qh5 43. Qg2 Qg4 44. Qf1 Qh5 45. Qg2 Qg4 46. Rd3 
1/2-1/2

[Event "Landsturneringen 2014"]
[Site "Clarion Hotel & Congress Trondheim"]
[Date "2014.07.17"]
[Round "7"]
[White "Urkedal, Frode Olav Olsen"]
[Black "Fossan, Erik"]
[Result "1/2-1/2"]
[WhiteElo "2487"]
[BlackElo "2362"]
[PlyCount "42"]
[EventDate "2014.??.??"]

1. d4 Nf6 2. c4 e6 3. Nf3 Bb4+ 4. Nbd2 O-O 5. a3 Be7 6. e4 d5 7. e5 Nfd7 8. b4
a5 9. b5 c5 10. Bb2 cxd4 11. cxd5 exd5 12. Be2 Re8 13. O-O Bf8 14. Bxd4 Nc5 15.
Re1 Bf5 16. Bb2 Nbd7 17. Nd4 Bd3 18. N2f3 Be4 19. Nc2 g6 20. Ne3 Bg7 21. Rc1 b6
1/2-1/2

[Event "Landsturneringen 2014"]
[Site "Clarion Hotel & Congress Trondheim"]
[Date "2014.07.17"]
[Round "7"]
[White "Hole, Øystein"]
[Black "Djurhuus, Rune"]
[Result "0-1"]
[WhiteElo "2351"]
[BlackElo "2446"]
[PlyCount "74"]
[EventDate "2014.??.??"]

1. Nf3 Nf6 2. c4 g6 3. Nc3 Bg7 4. e4 d6 5. d4 O-O 6. Be2 e5 7. O-O Nbd7 8. Be3
c6 9. Qc2 Qe7 10. Rfe1 a5 11. a3 exd4 12. Nxd4 Nc5 13. f3 a4 14. Rad1 Nh5 15.
Bf1 Be5 16. g3 Ng7 17. f4 Bf6 18. Bg2 Be6 19. Nxe6 Ngxe6 20. Nd5 cxd5 21. cxd5
Ng7 22. e5 Nf5 23. Bxc5 Rfc8 24. exd6 Qd7 25. Qf2 Bxb2 26. Bb4 Bc3 27. Re4 Bxb4
28. Rxb4 Nxd6 29. Qd4 Rc2 30. Re1 b5 31. Bf1 Rac8 32. Rb2 Nf5 33. Qe5 Qa7+ 34.
Kh1 Qf2 35. Rxc2 Rxc2 36. Qb8+ Kg7 37. Qe5+ Kh6 
0-1

[Event "Landsturneringen 2014"]
[Site "Clarion Hotel & Congress Trondheim"]
[Date "2014.07.17"]
[Round "7"]
[White "Hauge, Lars Oskar"]
[Black "Lie, Espen"]
[Result "1/2-1/2"]
[WhiteElo "2313"]
[BlackElo "2437"]
[PlyCount "67"]
[EventDate "2014.??.??"]

1. d4 Nf6 2. Nc3 d5 3. Bg5 g6 4. Bxf6 exf6 5. g3 Bg7 6. Bg2 c6 7. Qd2 f5 8. e3
Nd7 9. Nce2 Nf6 10. c3 O-O 11. Nf3 Re8 12. O-O Bh6 13. Qc2 Qe7 14. Nf4 Ne4 15.
Nd3 Be6 16. b3 Rac8 17. Nf4 c5 18. Qb2 c4 19. Rfc1 g5 20. Nxe6 Qxe6 21. bxc4
dxc4 22. Qxb7 Nxf2 23. Ne5 Rb8 24. Qd5 Nd3 25. Qxe6 Rxe6 26. Nxc4 Nxc1 27. Rxc1
g4 28. Re1 Rc8 29. Bd5 Re7 30. e4 Rxc4 31. Bxc4 Bd2 32. Rd1 Bxc3 33. exf5 Re4
34. Bd5 
1/2-1/2

[Event "Landsturneringen 2014"]
[Site "Clarion Hotel & Congress Trondheim"]
[Date "2014.07.17"]
[Round "7"]
[White "Hobber, Anders"]
[Black "Tari, Aryan"]
[Result "1/2-1/2"]
[WhiteElo "2315"]
[BlackElo "2412"]
[PlyCount "68"]
[EventDate "2014.??.??"]

1. d4 Nf6 2. Nc3 d5 3. Bg5 Nbd7 4. Qd3 g6 5. f3 Bg7 6. e4 dxe4 7. fxe4 c5 8. d5
Qb6 9. O-O-O O-O 10. Nf3 Ng4 11. Qd2 Re8 12. h3 Nge5 13. Be3 a6 14. Kb1 Qd6 15.
Bh6 Bh8 16. Qf4 b5 17. Qh4 c4 18. Bf4 Nxf3 19. gxf3 Ne5 20. Qg3 Bd7 21. Ne2 b4
22. Nd4 c3 23. b3 a5 24. Be3 a4 25. f4 axb3 26. cxb3 Rxa2 27. Kxa2 Ra8+ 28. Kb1
Qc7 29. fxe5 Qa5 30. Kc2 Qa2+ 31. Kd3 Qa6+ 32. Kc2 Qa2+ 33. Kd3 Qa6+ 34. Kc2
Qa2+ 
1/2-1/2

[Event "Landsturneringen 2014"]
[Site "Clarion Hotel & Congress Trondheim"]
[Date "2014.07.17"]
[Round "7"]
[White "Grønn, Atle"]
[Black "Getz, Nicolai"]
[Result "1-0"]
[WhiteElo "2368"]
[BlackElo "2380"]
[PlyCount "69"]
[EventDate "2014.??.??"]

1. c4 Nf6 2. g3 g6 3. Bg2 Bg7 4. Nc3 O-O 5. d4 d6 6. e3 c5 7. Nge2 Nbd7 8. O-O
a6 9. b3 Rb8 10. a4 b6 11. Bb2 Ne8 12. Qd3 Bb7 13. Bh3 Nc7 14. Ra2 e6 15. Rd1
cxd4 16. Nxd4 d5 17. cxd5 Nxd5 18. Nxe6 Ne5 19. Nxd8 Nxd3 20. Nxb7 N5b4 21. Ba3
Rxb7 22. Rxd3 Nxd3 23. Bxf8 Kxf8 24. Nd5 a5 25. Rc2 Nc5 26. Bf1 Be5 27. Bc4 Kg7
28. Kg2 Nd7 29. Ba6 Rb8 30. Rc6 Bb2 31. Rd6 Nc5 32. Bc4 b5 33. axb5 a4 34. bxa4
Nxa4 35. Rc6 
1-0

[Event "Landsturneringen 2014"]
[Site "Clarion Hotel & Congress Trondheim"]
[Date "2014.07.17"]
[Round "7"]
[White "Holm, Kristian Stuvik"]
[Black "Moen, Andreas G.R."]
[Result "1/2-1/2"]
[WhiteElo "2316"]
[BlackElo "2362"]
[PlyCount "45"]
[EventDate "2014.??.??"]

1. c4 e5 2. Nc3 Nf6 3. g3 d5 4. cxd5 Nxd5 5. Bg2 Nb6 6. Nf3 Nc6 7. O-O Be7 8.
Rb1 O-O 9. b4 f6 10. a4 Be6 11. b5 Nd4 12. d3 a6 13. a5 Nd5 14. Nxd5 Bxd5 15.
Nxd4 exd4 16. Bxd5+ Qxd5 17. bxa6 Rxa6 18. Bd2 b6 19. axb6 Rxb6 20. Bf4 Rc8 21.
Qc2 Re6 22. Rfe1 g5 23. Bd2 
1/2-1/2

[Event "Landsturneringen 2014"]
[Site "Clarion Hotel & Congress Trondheim"]
[Date "2014.07.17"]
[Round "7"]
[White "Fossan, Petter"]
[Black "Salomon, Johan"]
[Result "1-0"]
[WhiteElo "2257"]
[BlackElo "2346"]
[PlyCount "107"]
[EventDate "2014.??.??"]

1. e4 e5 2. Nf3 Nc6 3. Bc4 Nf6 4. d3 Bc5 5. c3 a6 6. Bb3 d6 7. O-O Ba7 8. Be3
O-O 9. Nbd2 Ne7 10. Nh4 d5 11. Bg5 Bg4 12. Qe1 d4 13. c4 Nd7 14. Bxe7 Qxe7 15.
f4 exf4 16. Rxf4 Be6 17. Nf5 Bxf5 18. exf5 Qe3+ 19. Qxe3 dxe3 20. Nf3 Rfe8 21.
d4 c5 22. Ba4 cxd4 23. Bxd7 Re7 24. Ba4 d3 25. Kf1 Rd8 26. Ke1 e2 27. f6 Re6
28. c5 Bxc5 29. Bb3 Rxf6 30. Rxf6 gxf6 31. Nd2 Bg1 32. Nf3 Be3 33. Bc4 Bf4 34.
a4 Be5 35. Ra3 Bxb2 36. Rxd3 Rc8 37. Bb3 Re8 38. Ng1 b5 39. axb5 axb5 40. Nxe2
Re7 41. Kd2 Be5 42. h3 Kg7 43. Rd5 Rb7 44. Nd4 b4 45. Nb5 h6 46. Kd3 Kg6 47.
Kc4 Kg5 48. Kxb4 Kf4 49. Rd3 Re7 50. Kc5 Bb2 51. Bd5 Bc1 52. Rf3+ Ke5 53. Nd4
Rd7 54. Rf5# 
1-0

[Event "Landsturneringen 2014"]
[Site "Clarion Hotel & Congress Trondheim"]
[Date "2014.07.17"]
[Round "7"]
[White "Mihajlov, Sebastian"]
[Black "Løvik, Lasse Østebø"]
[Result "1/2-1/2"]
[WhiteElo "2227"]
[BlackElo "2342"]
[PlyCount "41"]
[EventDate "2014.??.??"]

1. d4 e6 2. c4 Nf6 3. Nc3 Bb4 4. f3 O-O 5. e4 d5 6. e5 Nfd7 7. cxd5 exd5 8. f4
c5 9. Nf3 cxd4 10. Qxd4 Nc6 11. Qxd5 Ndxe5 12. Qxd8 Nxf3+ 13. gxf3 Rxd8 14. Be3
Bf5 15. Kf2 Nd4 16. Rd1 Nc2 17. Rxd8+ Rxd8 18. Bxa7 Rd2+ 19. Kg3 Nd4 20. a3 Bd6
21. Ne4 
1/2-1/2

[Event "Landsturneringen 2014"]
[Site "Clarion Hotel & Congress Trond"]
[Date "2014.07.18"]
[Round "8"]
[White "Djurhuus, Rune"]
[Black "Lie, Espen"]
[Result "1/2-1/2"]
[WhiteElo "2446"]
[BlackElo "2437"]
[PlyCount "53"]
[EventDate "2014.??.??"]

1. d4 Nf6 2. c4 g6 3. Nc3 Bg7 4. e4 d6 5. Be2 O-O 6. Bg5 Na6 7. h3 e5 8. d5 h6
9. Be3 Nc5 10. Qc2 a5 11. g4 Nh7 12. Qd2 Ng5 13. f3 f5 14. h4 Nf7 15. h5 f4 16.
Bf2 gxh5 17. Rxh5 Bd7 18. Bh4 Bf6 19. Bxf6 Qxf6 20. Nh3 Ng5 21. Nxg5 hxg5 22.
O-O-O Kg7 23. Rdh1 Rh8 24. Bd1 Rxh5 25. Rxh5 Rh8 26. Rxh8 Kxh8 27. Qh2+ 1/2-1/2